000 00790nam a2200241Ia 4500
003 OSt
005 20220926030001.0
006 a|||||r|||| 00| 0
007 ta
008 220923b |||||||| |||| 00| 0 eng d
037 _cGeneral Book
040 _aRTL
_cRTL
_beng
041 _2eng
_aeng
082 _aX:56.1N6.N7, L6
110 _aOrganisation for Economic Cooperation and Development
_942521
245 0 _aExport credit financing system in OECD mamber coun
260 _aParis
_bOrganisation for Economic Cooperation and Development France
_c1976
300 _a140p.
_ccm.
650 _aExport Control
_9235451
700 _aOrganisation for Economic Cooperation and Development
_942522
942 _hX:56.1N6.N7, L6
_cGB
_2CC
999 _c648369
_d648369